ՀՀ Գիտությունների ազգային ակադեմիայի հիմնարար գիտական գրադարան  =   Fundamental Scientific Library of NAS RA

Արևին ընդառաջ : (Record no. 88462)

MARC details
000 -LEADER
fixed length control field 01060nam a2200205 u 4500
001 - CONTROL NUMBER
control field 000247554
003 - CONTROL NUMBER IDENTIFIER
control field AM-YeHGA
005 - DATE AND TIME OF LATEST TRANSACTION
control field 20250618071649.0
008 - FIXED-LENGTH DATA ELEMENTS--GENERAL INFORMATION
fixed length control field 030716s1951 ai r 000 0 arm d
040 ## - CATALOGING SOURCE
Original cataloging agency AM-YeHGA
090 ## - LOCALLY ASSIGNED LC-TYPE CALL NUMBER (OCLC); LOCAL CALL NUMBER (RLIN)
-- 89748
245 00 - TITLE STATEMENT
Title Արևին ընդառաջ :
Remainder of title [Բանաստեղծություններ] /
Statement of responsibility, etc. Կազմ.՝ Բ. Չալի, Ռ. Բալտաչեևա; Նկ.՝ Տ. Թոքմաջյան, Գ. Աղասյան; Խմբ. Խ. Հրաչյան.
260 ## - PUBLICATION, DISTRIBUTION, ETC.
Place of publication, distribution, etc. Երևան :
Name of publisher, distributor, etc. Հայպետհրատ,
Date of publication, distribution, etc. 1951.
300 ## - PHYSICAL DESCRIPTION
Extent 170 էջ :
Other physical details նկ. ;
Dimensions 21 սմ.
500 ## - GENERAL NOTE
General note Սովետական եղբայրական հանրապետությունների մանկակական գրականության լավագույն նմուշներ
650 14 - SUBJECT ADDED ENTRY--TOPICAL TERM
Topical term or geographic name entry element Սովետական գրականություն
General subdivision Պոեզիա
700 1# - ADDED ENTRY--PERSONAL NAME
Personal name Հրաչյան, Խաչիկ Թադևոսի,
Dates associated with a name 1912-1989
9 (RLIN) 1925
700 1# - ADDED ENTRY--PERSONAL NAME
Personal name Թոքմաջյան, Տիգրան Արմենակի,
Dates associated with a name 1923-2004
Relator term նկ.
Relationship art
9 (RLIN) 1994
700 1# - ADDED ENTRY--PERSONAL NAME
Personal name Աղասյան, Գրիգոր Խորենի,
Dates associated with a name 1926-
Relator term նկ.
Relationship art
9 (RLIN) 2438
Holdings
Withdrawn status Lost status Damaged status Not for loan Collection Home library Current library Date acquired Total checkouts Full call number Barcode Date last seen Cost, replacement price Price effective from Koha item type Public note
        General Fundamental Scientific Library Fundamental Scientific Library 22/12/2016   AII/26505 220026505 22/12/2016 5.00 22/12/2016 Գրքեր / Books 30 Days Loan
        General Fundamental Scientific Library Fundamental Scientific Library 22/12/2016   AII/26506 220026506 22/12/2016 5.00 22/12/2016 Գրքեր / Books 30 Days Loan
        General Fundamental Scientific Library Fundamental Scientific Library 22/12/2016   AII/26507 220026507 22/12/2016 5.00 22/12/2016 Գրքեր / Books 30 Days Loan
        General Fundamental Scientific Library Fundamental Scientific Library 22/12/2016   AII/26508 220026508 22/12/2016 5.00 22/12/2016 Գրքեր / Books 30 Days Loan
        General Fundamental Scientific Library Fundamental Scientific Library 22/12/2016   AII/26509 220026509 22/12/2016 5.00 22/12/2016 Գրքեր / Books 30 Days Loan


ՀՀ ԳԱԱ հիմնարար գիտական գրադարան
ՀՀ,Երևան 0019
Մարշալ Բաղրամյան 24/6
հեռախոս:(374-10) 52-47-50
Հետադարձ կապ

All site content, except where otherwise noted, is licensed under a
Creative Commons License